000 00781nam a22002177a 4500
999 _c144398
_d144398
005 20190503144025.0
010 _aENG-124974
020 _a9789386385444
_c2895.00
035 _aB-684438-444
035 _aEN-108506
037 _bViva
_adpl
037 _bDBAD/PUB
082 _a954.035
245 _aSir Syed Ahmad Khan :
_cedited by Shan Muhammad
_bmemorial lectures /
260 _c2017
_aNew Delhi
_bViva Books
270 _a4737/23, Ansari Road, Darya Ganj,
_bNew Delhi
_e110002
300 _c25cm(Hb)
_axviii,707p.
700 _aMuhammad, Shan
942 _cEN
_2ddc
_mSIR
_h954.035